000 00995nam a2200289 a 4500
001 000016133
003 OSt
005 20250502073819.0
008 100226s1984 dr r 001 0 spa d
040 _aDO-SdBNP
_bspa
_cBNPHU
082 _aR025.06351
_bR426d, 1984
110 1 _aRepública Dominicana.
_bOficina Nacional de Administración y Personal
_926398
245 0 0 _aDirectorio del gobierno dominicano /
_cpresentación Raymundo Amaro Guzmán.
250 _a3a ed.
260 _aSanto Domingo :
_bONAP,
_c1984.
_fTaller
300 _a298 p. ;
_c23 cm.
490 1 _aGuías informativas
_v1
490 1 _aPublicaciones de la ONAP
590 _aInventariado, 2020/VM
651 7 _aRepública Dominicana
_xAdministración pública
_vDirectorios
_936127
700 1 _aAmaro Guzmán, Raymundo
_9656
830 0 _aGuías informativas
_n1
_936129
830 0 _aPublicaciones de la ONAP
_953972
910 _aValidado. Control de calidad. MMOLINA
942 _2ddc
_cLF1
956 _aVMateo
999 _c15673
_d15673